| 000 | 06524namaa22004451i 4500 | ||
|---|---|---|---|
| 003 | EG-GICUC | ||
| 005 | 20260208115039.0 | ||
| 008 | 260127s2025 ua a|||frm||| 000 0 eng d | ||
| 040 |
_aEG-GICUC _beng _cEG-GICUC _dEG-GICUC _erda |
||
| 041 | 0 |
_aeng _beng _bara |
|
| 049 | _aDeposit | ||
| 082 | 0 | 4 | _a615.82 |
| 092 |
_a615.82 _221 |
||
| 097 | _aM.Sc | ||
| 099 | _aCai01.21.07.M.Sc.2025.Ay.P | ||
| 100 | 0 |
_aAya Talaat Mustafa Mustafa, _epreparation. |
|
| 245 | 1 | 0 |
_aPulsed electromagnetic therapy versus whole body vibration on quadriceps strength post burn / _cby Aya Talaat Mustafa Mustafa ; Supervisors Prof. Dr. Hesham Galal Mahran El Sayed, Dr.Ahmed Kamaleldin Mohamed ElTaher,Dr. Aya Gamal Fawzy Elsayed. |
| 246 | 1 | 5 | _aالعلاج الكهرومغناطيسي المنبثق مقابل اهتزاز الجسم بالكامل على قوة العضلة الرباعية بعد الحرق |
| 264 | 0 | _c2025. | |
| 300 |
_a62 pages : _billustrations ; _c25 cm. + _eCD. |
||
| 336 |
_atext _2rda content |
||
| 337 |
_aUnmediated _2rdamedia |
||
| 338 |
_avolume _2rdacarrier |
||
| 502 | _aThesis (M.Sc)-Cairo University, 2025. | ||
| 504 | _aBibliography: pages 52-61. | ||
| 520 | 3 | _aBackground: Excessive atrophy and muscle wasting are linked to severe burn. Unintentional weight loss of 5% to 10% of muscle mass is known as muscle wasting, and severely burned patients have been known to experience sudden weight loss of up to 25% of total body mass. Following a chronic burn, the strength of the quadriceps was significantly impacted by both whole-body vibration (WBV) and pulsed electromagnetic field (PEMF). Purpose of the study: To evaluate which was more effective PEMF or WBV on quadriceps strength after chronic burn. Subjects and methods: Thirty patients who suffering from second degree burn with burned body surface area 10% _25% took part in this study, they were selected from Al-Ahrar Teaching Hospital at Alsharqiya Governorate, Egypt. Their ages were between 25 and 40 years. Group (A): Fifteen patients received WBV and traditional physiotherapy program (splinting, stretching, strengthening and range of motion (ROM) exercises) on quadriceps muscle (3 times per week, for 6 weeks), plus medical treatment. Group (B): Fifteen patients PEMF and traditional physiotherapy program (splinting, stretching, strengthening and ROM exercises) on quadriceps muscle (3 times per week, for 6 weeks), plus medical treatment. Hand held dynamometer was utilized to assess quadriceps strength. Results: The post-treatment mean ±SD value of Quadriceps strength of group (A) was 23.2 ± 5.6 and that of group (B) was 29.6 ± 4.4 Newton. There was significant change in mean value of Quadriceps strength across both groups after-treatment (p = 0.002). Conclusion: It was concluded that PEMF was more effective than WBV on quadriceps strength after chronic burn. | |
| 520 | 3 | _aالمقدمة:ترتبط الحروق الشديدة بالهزال العضلي المفرط وضُمور العضلات. يُعرَّف هزال العضلات بأنه فقدانلكتلة العضلات بنسبة 5٪ -10%، ويُقال إن مرضى الحروق الشديدة يفقدون ما يصل إلى 25٪ من إجمالي كتلة الجسم بشكل حاد. الغرض من الدراسة: كان الغرض من هذه الدراسة هو تقييم أيهما أكثر فعالية العلاج الكهرومغناطيسي النبضي أو اهتزاز الجسم بالكامل على قوة العضلة الرباعية بعد الحروق المزمنة. الموضوعات والطرق: شارك في هذه الدراسة ثلاثون مريضًا (ذكور وإناث) يعانون من حروق من الدرجة الثانية مع مساحة سطح الجسم المحروقة 10٪ -25٪ من مساحة سطح الجسم الكلي، وتم اختيارهم من مستشفى الأحرار التعليمي بمحافظة الشرقية، مصر. تراوحت أعمارهم بين 25 إلى 40 عامًا المجموعة (أ): تلقى خمسة عشر مريضًا اهتزازًا لكامل الجسم وبرنامجًا للعلاج الطبيعي التقليدي (التجبير وتمارين التمدد والتقوية ونطاق الحركة) على العضلة الرباعية الرؤوس (3 مرات في الأسبوع لمدة 6 أسابيع) بالإضافة إلى العلاج الطبي. المجموعة (ب): تلقى خمسة عشر مريضًا مجالًا كهرومغناطيسي نبضيوبرنامجًا للعلاج الطبيعي التقليدي (التجبير وتمارين التمدد والتقوية ونطاق الحركة) على العضلة الرباعية الرؤوس (3 مرات في الأسبوع لمدة 6 أسابيع) بالإضافة إلى العلاج الطبي. تم استخدام مقياس القوة المحمول باليد لتقييم قوة العضلة الرباعية الرؤوس. النتائج: كان متوسط قيمة ± الانحراف المعياري لقوة العضلة الرباعية الرؤوس بعد العلاج للمجموعة (أ) 23.2 ± 5.6 وكان للمجموعة (ب) 29.6 ± 4.4 نيوتن. كان هناك فرق كبير في متوسط قيمة قوة العضلة الرباعية بين المجموعتين بعد العلاج (ص= 0.002). الاستنتاج: استنتج أن المجال الكهرومغناطيسي النبضي،كان أكثر فعالية اهتزاز الجسم بالكامل على قوة العضلة الرباعية بعد الحروق المزمنة. | |
| 530 | _aIssues also as CD. | ||
| 546 | _aText in English and abstract in Arabic & English. | ||
| 650 | 0 | _aPhysical Therapy | |
| 650 | 0 | _aالعلاج الطبيعي | |
| 653 | 1 |
_aBurn _apulsed electromagnetic field _awhole-body vibration _aالعلاج الكهرومغناطيسي النبضي _aاهتزاز الجسم بالكامل |
|
| 700 | 0 |
_aHesham Galal Mahran El Sayed _ethesis advisor. |
|
| 700 | 0 |
_aAhmed Kamaleldin Mohamed ElTaher _ethesis advisor. |
|
| 700 | 0 |
_aAya Gamal Fawzy Elsayed _ethesis advisor. |
|
| 900 |
_b01-01-2025 _cHesham Galal Mahran El Sayed _cAhmed Kamaleldin Mohamed ElTaher _cAya Gamal Fawzy Elsayed _UCairo University _FFaculty of Physical Therapy _DDepartment of Physical Therapy for Surgery |
||
| 905 |
_aShimaa _eEman Ghareb |
||
| 942 |
_2ddc _cTH _e21 _n0 |
||
| 999 | _c178068 | ||